ईर्षा (Record no. 423687)

MARC details
000 -LEADER
fixed length control field 00382nam a2200145Ia 4500
008 - FIXED-LENGTH DATA ELEMENTS--GENERAL INFORMATION
fixed length control field 100122s9999 xx 000 0 und d
082 ## - DEWEY DECIMAL CLASSIFICATION NUMBER
Item number 43671
Classification number 823.08
100 ## - MAIN ENTRY--PERSONAL NAME
Personal name नलगे राजाराम
245 ## - TITLE STATEMENT
Title ईर्षा
260 ## - PUBLICATION, DISTRIBUTION, ETC. (IMPRINT)
Name of publisher, distributor, etc सुरेश वैद्य
Date of publication, distribution, etc 1989
300 ## - PHYSICAL DESCRIPTION
Extent 126
630 ## - SUBJECT ADDED ENTRY--UNIFORM TITLE
Uniform title ईर्षा
730 ## - ADDED ENTRY--UNIFORM TITLE
Uniform title ईर्षा
942 ## - ADDED ENTRY ELEMENTS (KOHA)
Koha item type Book
Holdings
Withdrawn status Lost status Damaged status Not for loan Home library Current library Date acquired Cost, normal purchase price Total Checkouts Full call number Barcode Date last seen Cost, replacement price Price effective from Koha item type Public note
        S.V. Pathak Library, Vile Parle S.V. Pathak Library, Vile Parle 03/03/1990 35.00   43671 SVPPARLE-43671 01/25/2010 35.00 01/25/2010 Book General NA